000
00351nam a2200157Ia 4500
100
_a
Cochrane/John
650
_a
Automobiles
942
_c
BK
654
_a
simulation
245
_a
Simulation techniques on the commodare64
260
_b
Sunshine Books
_a
London
_c
1984
082
_a
1.642
_b
COC
300
_a
165
546
_a
ENGLISH
999
_c
26127
_d
26127